| 000 | 00729nam a22002057a 4500 | ||
|---|---|---|---|
| 003 | BD-DhUL | ||
| 005 | 20210131121325.0 | ||
| 008 | 201108s2020 bg |||| |||| 00| 0 ben | ||
| 020 | _a9789849047728(hbk) | ||
| 040 |
_aBD-DhUL _cBD-DhUL |
||
| 082 |
_a891.443 _bKAK |
||
| 100 | 1 | _aকাজল, রুখসানা | |
| 245 | 0 | 0 |
_aকিশোরীর চোখে মুক্তিযুদ্ধ / _cরুখসানা কাজল। |
| 260 |
_aঢাকা : _bইত্যাদি গ্রন্থ, _c২০২০। |
||
| 300 |
_a৯৬ পৃ. ; _c২২ সেমি। |
||
| 365 |
_aBDT _b200.00 |
||
| 650 | 4 | _aবাংলা উপন্যাস। | |
| 650 | 4 | _aBengali fiction. | |
| 942 |
_2ddc _cBK |
||
| 999 |
_c252314 _d252314 |
||